| 000 | 00389nam a22001457a 4500 | ||
|---|---|---|---|
| 003 | OSt | ||
| 005 | 20220606031213.0 | ||
| 008 | 151103b xxu||||| |||| 00| 0 eng d | ||
| 020 | _a9966361456 | ||
| 040 |
_cMMU _aMMU _beng _dMMU |
||
| 050 | _aDT433.545.K55K57 2011 | ||
| 245 |
_aGikuyu Marriage Simplified/ _cAmos K. Kiriro. |
||
| 260 |
_aNairobi : _bLonghorn, _c2011. |
||
| 942 |
_2lcc _cLOAN LOAN |
||
| 999 |
_c15615 _d15615 |
||